<The> Long-run Determinants of Consumption in the Euro Area: Is there a Role for Uncertainty
Analýza dlhodobého (kointegrovaného) vzťahu medzi reálnou spotrebou, reálnym disponibilným príjmom, reálnym čistým finančným bohatstvom, skutočným bohatstvom bývania a neistotou v budúcom príjme (neistotou príjmov) a mierou návratnosti akumulovaného finančného bohatstva (kapitálovou neistotou) na pr...
Saved in:
| Main Author: | |
|---|---|
| Format: | Book Chapter |
| Language: | English |
| Subjects: | |
| Tags: |
No Tags, Be the first to tag this record!
|
MARC
| LEADER | 00000naa a2200000 4500 | ||
|---|---|---|---|
| 001 | 0249464 | ||
| 005 | 20221104111327.7 | ||
| 041 | 0 | |a eng | |
| 044 | |a SK | ||
| 245 | 1 | 0 | |a <The> Long-run Determinants of Consumption in the Euro Area: Is there a Role for Uncertainty |c Silvo Dajcman |
| 520 | |a Analýza dlhodobého (kointegrovaného) vzťahu medzi reálnou spotrebou, reálnym disponibilným príjmom, reálnym čistým finančným bohatstvom, skutočným bohatstvom bývania a neistotou v budúcom príjme (neistotou príjmov) a mierou návratnosti akumulovaného finančného bohatstva (kapitálovou neistotou) na príklade 12 krajín eurozóny. | ||
| 610 | 2 | 0 | |a eurozóna |
| 610 | 2 | 0 | |a spotreba domácností |
| 610 | 2 | 0 | |a príjmy obyvateľstva |
| 610 | 2 | 0 | |a analýza komparatívna |
| 610 | 2 | 0 | |a modely ekonomicko-matematické |
| 100 | 1 | |a Dajcman, Silvo | |